LEADER 00748nam a2200193 i 4500 001 000000155215 003 CaOOAMICUS 005 20061103000000.0 008 061103s1939 it u000 u ita u 013 $a132564 040 $aSeMil$bita 100 1 $aColombo, Antonio.$0(OLS)http://semarc/name/20954 245 10$aEugenio Baioni :$bscultore e pittore /$cAntonio Colombo. 260 $aMilano :$bOfficine grafiche Esperia,$c1939. 300 $a97 p. :$bill. ;$c28 cm. 850 $aSeMil 852 $aSeMil$W1$xVenegono$y1$m5K VII 21$j107052$B107052$CSeMilBibl$Z2$F116395 $8I 996 $6245$aEugenio Baioni :$bscultore e pittore$9(OLS)http://semarc/title/227271 996 $6260$aMilano :$bOfficine grafiche Esperia$9(OLS)http://semarc/publisher/34399 LEADER 00871naa a2200145 i 4500 001 000000302738 003 CaOOAMICUS 005 20180831172746.0 008 180831n xx u000 u und u 013 $a10472 040 $aSeMil$bita 100 1 $aConti, Giordano.$0(OLS)http://semarc/name/86899 245 13$aIl rinnovamento degli edifici conventuali cesenati sotto la signo siastica ravennate. Cesena :$bBadia di Santa Maria del Monte, 1986. 773 0 $aCentro studi e ricerche sulla antica provincia ecclesiastica ravennate$tAtti del convegno di Comacchio.$dCesena : Badia di Santa Maria del Monte, 1986.$kRavennatensia / Centro studi e ricerche sulla antica provincia ecclesiastica ravennate$w()36482 996 $6245$aIl rinnovamento degli edifici conventuali cesenati sotto la signo siastica ravennate. Cesena :$bBadia di Santa Maria del Monte, 1986$9(OLS)http://semarc/title/378706